000 00499nam a22001937a 4500
003 koha_MIRAKIL
005 20231213100422.0
008 231213b |||||||| |||| 00| 0 ||| d
020 _b978-8-85300449-9
040 _aTR-IsEVY
_btur
_cTR-IsEVY
082 _a428.64 SHA/T
100 _aShakespeare, William.
245 4 _aThe tempest
260 _bBlack Cat,
_c2006
300 _a80 s.
650 _aEnglish -- Reading books.
650 _aİngilizce -- Okuma kitapları.
942 _2ddc
_cBK
999 _c19631
_d19631